| 000 | 00441nam a2200205Ia 4500 | ||
|---|---|---|---|
| 001 | 11783 | ||
| 003 | GE_BSU | ||
| 008 | 181216s||||||||xx |||||||||||||| ||und|| | ||
| 020 | _a0340837098 | ||
| 040 | _cGE_BSU | ||
| 080 | _a821.111-31 | ||
| 100 | _aCarre,John Le | ||
| 245 | 4 | _aThe Constant Gardener | |
| 260 | _aLondon | ||
| 260 | _bHodder | ||
| 260 | _c2000 | ||
| 300 | _a570p.20cm. | ||
| 653 | _aThe Constant Gardener | ||
| 942 | _cBK | ||
| 999 |
_c44962 _d44962 |
||